| 000 | 00700nam a2200205Ii 4500 | ||
|---|---|---|---|
| 003 | JO-AjNU | ||
| 008 | 230605s9999||||xx |||||||||||||| ||und|| | ||
| 017 | _a1988/1024 | ||
| 040 |
_aJO-AjNU _bara _erda _cJO-AjNU |
||
| 041 | _aara | ||
| 050 | 1 | 4 | _aP90.J35 1988 |
| 100 | 3 |
_aعدوان,نواف تأليف, _eauthor _99250 |
|
| 245 | 0 | 0 | _aالمدخل الى بحوث الاتصال الجماهيري |
| 264 | 3 | 1 | _aبغداد :دار الحرية للطباعة,1988 |
| 300 | _a198ص | ||
| 336 |
_atext _btxt _2rdacontent |
||
| 337 |
_aunmediated _bn _2rdamedia |
||
| 338 |
_avolume _bnc _2rdacarrier |
||
| 650 | 4 |
_aالاتصال-المدخل الى بحوث الاتصال الجماهيري _99251 |
|
| 999 |
_aA1202 _c4770 _d4770 |
||